Регионална библиотека "Любен Каравелов" - Русе

Избрани произведения (Запис номер 182874)

MARC детайли
000 -Лидер
Контролно поле с фиксирана дължина nam a22 a 4500
003 - Код на организацията, давaща контролен номер
Контролно поле BLK
005 - Дата и час на последна редакция
Контролно поле 20230406030316.0
008 - Елементи от данни с фиксирана дължина
fixed length control field 180411b bul|||||r ||||||| ||bul||
010 ## - Наследен системен номер
LC control number KNG00191799000
040 ## - Източник на каталожния запис
Идентификатор на билиотеката - собственик на записа BLK
041 ## - Код за език
Код за езика на текст/звукозапис или на отделно заглавие Български
Код за езика КДБФ Български
080 ## - УДК
Текстов определител УДК Руска литература
УДК код - определител по УДК 821.161.1
УДК определител (081.2)
УДК - код + определител 821.161.1(081.2)
080 ## - УДК
Текстов определител УДК Руска литература
УДК код - определител по УДК 821.161.1
УДК определител -32
УДК - код + определител 821.161.1-32
100 1# - Редна дума - Автор
Автор Горки, Максим
Дати, свързани с автора 1868-1936
Автор - информация (биография) писател
Пълна форма на името Пешков, Алексей Максимович
Авторска отговорност първи автор
R(LIN) 55187
139 ## - Редно поле
Редна дума Горки, Максим
Авторски знак Горк - Г 68
245 10 - Сведения за заглавието
Заглавие Избрани произведения
Подзаглавни данни В 6 т. За том: Повести
Редно поле (дума) Максим Горки; състав. и ред. Иван Димитров Пауновски; с предг. от Иван Цветков; прев. от рус. на том Благовеста Старирадева; * Алексей Максимович Пешков.
Том Т. 4
Заглавие на том Детство. Сред хората. Моите университети
257 ## - Страна на издаване
Страна на създаване/издаване СССР
260 ## - Област на издателските данни
Име на издателя, разпространителя и проч. Нар. култура
Година на издаване 1967 -
Място на издаване, разпространение и проч. София
300 ## - Физическа характеристика
Размери/Мащаб 20 см
380 ## - Жанр
Жанр Худож. лит.
500 ## - Общи забележки
Забележка Максим Горки - псевд. на Алексей Максимович Пешков. - 15 100 тир.
700 1# - Други автори (авторска отговорност)
Лично име Пауновски, Иван Димитров
Автороска отговорност (Описва отношението между автора и произведението) състав. и ред.
9 (RLIN) 367499
700 1# - Други автори (авторска отговорност)
Лично име Цветков, Иван
Автороска отговорност (Описва отношението между автора и произведението) с предг. от
9 (RLIN) 364088
700 1# - Други автори (авторска отговорност)
Лично име Старирадева, Благовеста
Автороска отговорност (Описва отношението между автора и произведението) прев. от рус. на том
9 (RLIN) 383986
700 1# - Други автори (авторска отговорност)
Лично име Пешков, Алексей Максимович
Автороска отговорност (Описва отношението между автора и произведението) *
9 (RLIN) 368201
760 1# - Описание на основната серия
Редна дума на основното описание Горки, Максим
Място на издаване, издател и година 1968
Страници - том 658 с.
Забележка - том Др. прев. : Катя Койчева, Кирил Гинев
Заглавие Т. 4 Детство. Сред хората. Моите университети
852 ## - Местоположение
Форматна сигнатура Цб 40949
Фондова буква Хранилище
856 4# - Електронен адрес и достъп
Електронен формат pdf - файл
856 4# - Електронен адрес и достъп
Електронен формат pdf - файл
999 ## - СИСТЕМНИ КОНТРОЛНИ НОМЕРА
Koha biblionumber 182874
Koha biblioitemnumber 182874
942 ## - АРТИКУЛИ
Вид на библиотечния материал Книги
Скрит в OPAC Не
Периодичен библиозапис Да
944 ## - СЪЗДАВАНЕ И РЕДАКЦИЯ на ЗАПИСА
Създаване/Редакция Създаване
Дата на регистрацията/редакция 06.10.2016
Служител, извършил регистрацията/редакцията Севдалина_Василева
Наличности
Код за отписване Код за изгубен артикул Източник на класификационната схема Код за повреда Коз за рестрикции Код за отдаване Артикулен № Име на библиотеката - собственик Име на библиотеката, в която се намира в момента Статус (Текущо местоположение) Дата на вписване в системата Местоположение - отдел Цена в лева Инвентарен номер Систематично азбучна сигнатура Баркод Номер на екземпляра Цена в евро Служебна бележка Служебен тип на артикула Бележка за публиката
  Не е изгубен Universal Decimal Classification Не е повреден без рестрикции ползва се в читалня 314680 Регионална библиотека "Любен Каравелов" Русе Регионална библиотека "Любен Каравелов" Русе Хранилище 1968-01-01 Хранилище 2.42 6816/68 Цб 40949 900000099603 1 1.24 Дост: Dp Вид: Д N: стар фонд Дата: 01.01.1968 Книги  
Изтеглен Не е изгубен   Не е повреден без рестрикции заемане за дома 314681 Регионална библиотека "Любен Каравелов" Русе Регионална библиотека "Любен Каравелов" Русе   1968-01-01 Заемна - подръчен фонд 4.11 150035 П 882(081)/Г 68 150035 2 2.10 Дост: Pk Вид: Ф N: стар фонд Дата: 01.01.1968 Книги Отч.N: 21/18 , Дата: 26.03.2018
Vip Innovations Ltd, Rousse, Bulgaria 2025